00315nam a2200109Ia 4500008004100000082001100041082000800052245004600060245004500106260004500151300000900196231017s9999 xx 000 0 und d a625.73 bGAS 0aEvaluation of cement treated base courses 0cLouisiana transportation research center bLouisiana transportation research center c30cm